000 00287nam a22001217a 4500
008 170615b xxu||||| |||| 00| 0 eng d
041 _aeng
080 _a34
100 _a19
101 _aSHP
245 _aINTRUDUCTION TO AMERICAN CONSTITUTIONAL LAW
_cHELLER.F.H
942 _2udc
_cBK
999 _c17530
_d17530